[Event "IV Festival Internacional DUCHAMP in RIO Master - 7 a 14 dezembro - 15.000 USD"]
[Site "Hotel South American, Copacabana , Rio de Janeiro, RJ"]
[Date "2022.12.07"]
[Round "1"]
[Board "2"]
[White "Backes, Jorge Henrique"]
[Black "El Debs, Felipe De Cresce"]
[Result "0-1"]
[WhiteElo "1905"]
[BlackElo "2545"]
[PlyCount "34"]
[EventDate "2022.12.07"]
[EventRounds "9"]
[EventCountry "BRA"]

1. c4 e5 2. Nc3 Nf6 3. Nf3 Nc6 4. g3 d5 5. cxd5 Nxd5 6. Bg2 Nb6 7. O-O Be7 8. Rb1
O-O 9. b4 a6 10. a4 Bf5 11. b5 axb5 12. axb5 Nd4 13. d3 Bg4 14. Nxe5 Na4 15. Rb2
Nxc3 16. Qd2 Ncxe2+ 17. Kh1 Be6  0-1

[Event "IV Festival Internacional DUCHAMP in RIO Master - 7 a 14 dezembro - 15.000 USD"]
[Site "Hotel South American, Copacabana , Rio de Janeiro, RJ"]
[Date "2022.12.07"]
[Round "1"]
[Board "3"]
[White "Diamant, Andre"]
[Black "De Souza Monteiro, Marcos Paulo"]
[Result "1-0"]
[WhiteElo "2524"]
[BlackElo "1885"]
[PlyCount "45"]
[EventDate "2022.12.07"]
[EventRounds "9"]
[EventCountry "BRA"]

1. e4 c5 2. Nf3 d6 3. d4 cxd4 4. Nxd4 Nf6 5. Nc3 g6 6. Be2 Bg7 7. O-O O-O 8. Re1
Nc6 9. Nb3 Bd7 10. Bf1 Rc8 11. a4 Na5 12. Nd4 Qb6 13. h3 Nc4 14. Nb3 Be6 15. a5 Qc6
16. Nd4 Qc5 17. Ra4 Ne5 18. Be3 Nc4 19. Bxc4 Bxc4 20. Nf5 gxf5 21. Bxc5 Rxc5 22.
exf5 Nd5 23. Rxc4  1-0

[Event "IV Festival Internacional DUCHAMP in RIO Master - 7 a 14 dezembro - 15.000 USD"]
[Site "Hotel South American, Copacabana , Rio de Janeiro, RJ"]
[Date "2022.12.07"]
[Round "1"]
[Board "5"]
[White "Alonso, Salvador"]
[Black "Moccero, Eduardo"]
[Result "1-0"]
[WhiteElo "2471"]
[BlackElo "1870"]
[PlyCount "81"]
[EventDate "2022.12.07"]
[EventRounds "9"]
[EventCountry "BRA"]

1. e4 d5 2. exd5 Qxd5 3. Nc3 Qa5 4. d4 Nf6 5. Nf3 Bf5 6. Bd2 e6 7. Bc4 c6 8. Qe2
Nbd7 9. d5 cxd5 10. Nxd5 Qd8 11. Nxf6+ gxf6 12. O-O-O Qc7 13. Nd4 Bg6 14. Rhe1 O-O-O
15. Nb5 Qb6 16. Bf4 e5 17. Be3 Bc5 18. Nd6+ Kb8 19. Nxf7 Bxe3+ 20. fxe3 Bxf7 21.
Bxf7 Nc5 22. Bc4 Rc8 23. e4 Na4 24. Bb3 Nc5 25. Kb1 Nxb3 26. axb3 Rhd8 27. Rd5 Rxd5
28. exd5 Rd8 29. Rd1 Qd6 30. g4 e4 31. Qxe4 Qxh2 32. Rh1 Qf2 33. Rd1 Qg3 34. Rd3
Qh2 35. c4 Rd6 36. Qe8+ Kc7 37. Qe7+ Kc8 38. Rd1 Qf4 39. c5 Rd7 40. Qe8+ Rd8 41.
Qe6+  1-0

[Event "IV Festival Internacional DUCHAMP in RIO Master - 7 a 14 dezembro - 15.000 USD"]
[Site "Hotel South American, Copacabana , Rio de Janeiro, RJ"]
[Date "2022.12.07"]
[Round "1"]
[Board "6"]
[White "Chaves, Jorge Antonio Torres"]
[Black "Galego, Luis"]
[Result "0-1"]
[WhiteElo "1855"]
[BlackElo "2471"]
[PlyCount "80"]
[EventDate "2022.12.07"]
[EventRounds "9"]
[EventCountry "BRA"]

1. d4 Nf6 2. Nf3 d6 3. Bg5 Nbd7 4. e3 e5 5. Nbd2 Be7 6. dxe5 dxe5 7. Bc4 O-O 8. e4
c6 9. a4 Qc7 10. h3 Nc5 11. Qe2 h6 12. Bh4 Nh5 13. Bg3 Nxg3 14. fxg3 Ne6 15. c3 a5
16. Bd3 Bc5 17. Nc4 b5 18. axb5 cxb5 19. Ne3 b4 20. Nd5 Qb8 21. Nh4 Ng5 22. Rf1 bxc3
23. bxc3 a4 24. Nf5 Bxf5 25. Rxf5 a3 26. Ra2 Ra7 27. h4 Ne6 28. Qc2 Rb7 29. Ke2 Qd6
30. Rf1 Rfb8 31. Kf3 h5 32. g4 hxg4+ 33. Kxg4 Rb2 34. Rxb2 Rxb2 35. Qa4 Nc7 36. Kh3
Qe6+ 37. g4 Nxd5 38. exd5 Qxd5 39. Be4 Qd8 40. Qc4 Bf2  0-1

[Event "IV Festival Internacional DUCHAMP in RIO Master - 7 a 14 dezembro - 15.000 USD"]
[Site "Hotel South American, Copacabana , Rio de Janeiro, RJ"]
[Date "2022.12.07"]
[Round "1"]
[Board "8"]
[White "De Souza, Vinicius Alcantara G R"]
[Black "Romanishin, Oleg M"]
[Result "0-1"]
[WhiteElo "1852"]
[BlackElo "2412"]
[PlyCount "124"]
[EventDate "2022.12.07"]
[EventRounds "9"]
[EventCountry "BRA"]

1. e4 c5 2. Nf3 e6 3. c4 Nc6 4. Nc3 Qb6 5. Be2 Nf6 6. O-O d6 7. Re1 Be7 8. Bf1 Bd7
9. h3 O-O 10. g3 a6 11. d3 h6 12. b3 Rfe8 13. Bg2 Nh7 14. Bd2 Nf8 15. Rb1 Ng6 16.
Be3 Qa5 17. Qd2 b5 18. Ne2 Qxd2 19. Bxd2 Bf6 20. Nf4 Nge5 21. Nxe5 Bxe5 22. Ne2 Rab8
23. Bc3 Bxc3 24. Nxc3 b4 25. Ne2 a5 26. Red1 e5 27. Rd2 a4 28. Nc1 Ra8 29. bxa4 Rxa4
30. Nb3 Rea8 31. Rbb2 Ra3 32. Kh2 Nd8 33. Bf3 Ba4 34. Bd1 Ne6 35. Nc1 Nd4 36. Kg2
Rc3 37. Ne2 Nxe2 38. Bxe2 Rc1 39. Kf3 g5 40. g4 Kg7 41. Kg3 Rc3 42. Kg2 Ra3 43. Kf3
Bd7 44. Kg2 Rc3 45. Rd1 Be6 46. Kh2 f6 47. Kg2 Bf7 48. Kh2 Raa3 49. Kg2 h5 50. Kh2
Ra8 51. Kg2 Rh8 52. f3 Kf8 53. Kh2 hxg4 54. fxg4 Bxc4 55. dxc4 Rcxh3+ 56. Kg2 Rh2+
57. Kg1 Rh1+ 58. Kg2 R8h2+ 59. Kg3 Rxe2 60. Rxe2 Rxd1 61. Rf2 Ke7 62. Rh2 Rd3+  0-1

[Event "IV Festival Internacional DUCHAMP in RIO Master - 7 a 14 dezembro - 15.000 USD"]
[Site "Hotel South American, Copacabana , Rio de Janeiro, RJ"]
[Date "2022.12.07"]
[Round "1"]
[Board "9"]
[White "Roselli Mailhe, Bernardo"]
[Black "Cincinato, Thalita Ariane C."]
[Result "1-0"]
[WhiteElo "2390"]
[BlackElo "1845"]
[PlyCount "69"]
[EventDate "2022.12.07"]
[EventRounds "9"]
[EventCountry "BRA"]

1. d4 d5 2. c4 e6 3. Nc3 c6 4. e3 f5 5. g4 fxg4 6. Qxg4 Nf6 7. Qg2 Qc7 8. Bd2 Bb4
9. Bd3 b6 10. Nf3 Bb7 11. Ng5 Qe7 12. Nxe6 Bxc3 13. Bxc3 c5 14. Nxg7+ Kd8 15. Nf5
dxc4 16. d5 Qf8 17. Bxc4 Nbd7 18. O-O-O Rg8 19. Qf3 b5 20. Bxb5 Rg5 21. Qf4 Rg4 22.
Ba5+ Nb6 23. Qe5 Bc8 24. Rhg1 Re4 25. Qd6+ Qxd6 26. Nxd6 Rh4 27. Rg7 Bd7 28. Bxd7
Nfxd7 29. Rg8+ Kc7 30. Rxa8 Kxd6 31. Rxa7 Nc4 32. Bc7+ Ke7 33. Rg1 Nd6 34. Rg7+ Nf7
35. Bf4  1-0

[Event "IV Festival Internacional DUCHAMP in RIO Master - 7 a 14 dezembro - 15.000 USD"]
[Site "Hotel South American, Copacabana , Rio de Janeiro, RJ"]
[Date "2022.12.07"]
[Round "1"]
[Board "10"]
[White "Moyses Sobrinho, Elias"]
[Black "Von Buelow, Georg"]
[Result "0-1"]
[WhiteElo "1839"]
[BlackElo "2361"]
[PlyCount "60"]
[EventDate "2022.12.07"]
[EventRounds "9"]
[EventCountry "BRA"]

1. d4 Nf6 2. c4 g6 3. Nc3 d5 4. cxd5 Nxd5 5. e4 Nxc3 6. bxc3 Bg7 7. Be3 c5 8. Bb5+
Nc6 9. Ne2 cxd4 10. Bxd4 O-O 11. Bxg7 Kxg7 12. O-O Qc7 13. Bxc6 Qxc6 14. Qd4+ Kg8
15. Nf4 e6 16. Rfd1 b6 17. e5 Bb7 18. Qd7 Qxd7 19. Rxd7 Bc6 20. Rd6 Rfc8 21. f3 Be8
22. Ne2 Rc5 23. f4 Bb5 24. Nd4 Ba4 25. Ne2 Rac8 26. Rc1 Kf8 27. Kf2 Ke7 28. Rd3 Bb5
29. Re3 Rc4 30. Nd4 Rxd4  0-1

[Event "IV Festival Internacional DUCHAMP in RIO Master - 7 a 14 dezembro - 15.000 USD"]
[Site "Hotel South American, Copacabana , Rio de Janeiro, RJ"]
[Date "2022.12.07"]
[Round "1"]
[Board "11"]
[White "Lujan, Carolina"]
[Black "Jenidarchiche, Douglas Rodrigo"]
[Result "1-0"]
[WhiteElo "2323"]
[BlackElo "1837"]
[PlyCount "61"]
[EventDate "2022.12.07"]
[EventRounds "9"]
[EventCountry "BRA"]

1. e4 e5 2. Nf3 Nc6 3. Bc4 Bc5 4. d3 Nf6 5. O-O h6 6. c3 a5 7. d4 Bb6 8. Nxe5 O-O
9. Nxc6 bxc6 10. e5 Nd5 11. Qf3 Ba6 12. Bxa6 Rxa6 13. c4 Nb4 14. c5 Ba7 15. Qe2 Qc8
16. Nc3 d6 17. Be3 Nd5 18. Rac1 a4 19. Nxd5 cxd5 20. cxd6 c6 21. f4 Rb6 22. f5 Qb8
23. Qg4 Kh7 24. f6 Rg8 25. Qf5+ g6 26. Qh3 h5 27. Rf5 Rh8 28. Rxh5+ gxh5 29. Qxh5+
Kg8 30. Qg4+ Kf8 31. d7  1-0

[Event "IV Festival Internacional DUCHAMP in RIO Master - 7 a 14 dezembro - 15.000 USD"]
[Site "Hotel South American, Copacabana , Rio de Janeiro, RJ"]
[Date "2022.12.07"]
[Round "1"]
[Board "12"]
[White "Rodrigues, Julliano De Araujo"]
[Black "Menna Barreto, Felipe Kubiaki"]
[Result "0-1"]
[WhiteElo "1834"]
[BlackElo "2322"]
[PlyCount "62"]
[EventDate "2022.12.07"]
[EventRounds "9"]
[EventCountry "BRA"]

1. e4 c6 2. d4 d5 3. e5 c5 4. dxc5 e6 5. a3 Bxc5 6. b4 Bb6 7. Nf3 Ne7 8. Bd3 Nbc6
9. Qe2 Ng6 10. b5 Nd4 11. Nxd4 Bxd4 12. c3 Qc7 13. cxd4 Qxc1+ 14. Qd1 Qb2 15. Nd2
Qxd4 16. Bxg6 Qxe5+ 17. Be4 dxe4 18. O-O O-O 19. Qe2 f5 20. Rfd1 Bd7 21. a4 Rad8
22. Nc4 Qb8 23. Ra2 e5 24. Rad2 Be6 25. Rxd8 Rxd8 26. Rxd8+ Qxd8 27. Qd2 Qd3 28.
Qxd3 exd3 29. Nd2 e4 30. g4 g6 31. Kg2 f4  0-1

[Event "IV Festival Internacional DUCHAMP in RIO Master - 7 a 14 dezembro - 15.000 USD"]
[Site "Hotel South American, Copacabana , Rio de Janeiro, RJ"]
[Date "2022.12.07"]
[Round "1"]
[Board "13"]
[White "Rodi, Luis Ernesto"]
[Black "De Sa, Sidney Loyola"]
[Result "1-0"]
[WhiteElo "2303"]
[BlackElo "1833"]
[PlyCount "95"]
[EventDate "2022.12.07"]
[EventRounds "9"]
[EventCountry "BRA"]

1. e4 c5 2. Nc3 Nc6 3. Bb5 g6 4. Bxc6 bxc6 5. f4 Bg7 6. d3 d6 7. Nf3 Bg4 8. O-O Nf6
9. Qe1 O-O 10. Qh4 Bxf3 11. Rxf3 e6 12. f5 Nd7 13. Bg5 Bf6 14. Rh3 h5 15. Rg3 Kh7
16. Rf1 exf5 17. exf5 Bxg5 18. Rxg5 Kh6 19. Ne4 d5 20. Qf4 Kh7 21. Nd6 Qb8 22. Nxf7
Qxf4 23. fxg6+ Kg7 24. Rxf4 Rae8 25. h3 Re6 26. Ra4 Rxg6 27. Rxg6+ Kxg6 28. Nd6 Ra8
29. Ra6 Nb8 30. Ra5 Nd7 31. Nb7 c4 32. dxc4 dxc4 33. Nd6 c3 34. bxc3 c5 35. Ne4 Re8
36. Nxc5 Nxc5 37. Rxc5 Re2 38. a4 h4 39. a5 Rxc2 40. Rc7 Kf6 41. a6 Ke6 42. Rxa7
Rxc3 43. Rh7 Rc4 44. a7 Ra4 45. Rxh4 Rxa7 46. Rf4 Ke5 47. Rf8 Rg7 48. Kh2  1-0

[Event "IV Festival Internacional DUCHAMP in RIO Master - 7 a 14 dezembro - 15.000 USD"]
[Site "Hotel South American, Copacabana , Rio de Janeiro, RJ"]
[Date "2022.12.07"]
[Round "1"]
[Board "14"]
[White "Nunes, Agatha Hurba"]
[Black "Limp, Eduardo Thelio"]
[Result "0-1"]
[WhiteElo "1820"]
[BlackElo "2290"]
[PlyCount "92"]
[EventDate "2022.12.07"]
[EventRounds "9"]
[EventCountry "BRA"]

1. d4 Nf6 2. c4 e6 3. Nc3 d5 4. cxd5 exd5 5. Bg5 Nbd7 6. e3 c6 7. Bd3 Be7 8. Nge2
Nb6 9. O-O Nh5 10. Bxe7 Qxe7 11. Qc2 g6 12. e4 dxe4 13. Bxe4 Nf6 14. Rad1 O-O 15.
Rfe1 Nxe4 16. Nxe4 Bf5 17. N2g3 Bxe4 18. Rxe4 Qd7 19. Rde1 Rae8 20. Qd2 f5 21. Rxe8
Rxe8 22. Rxe8+ Qxe8 23. h4 Nd5 24. Kf1 f4 25. Ne2 Qe4 26. Nc3 Nxc3 27. bxc3 b5 28.
Qe2 Qb1+ 29. Qe1 Qxe1+ 30. Kxe1 Kf7 31. Ke2 Ke6 32. Kf3 Kf5 33. g4+ fxg3 34. fxg3
h5 35. Ke3 g5 36. hxg5 Kxg5 37. Kf3 Kf5 38. Ke3 Kg4 39. Kf2 Kh3 40. Kf3 a6 41. Kf2
Kh2 42. a3 a5 43. Kf3 Kg1 44. Kf4 Kf2 45. g4 hxg4 46. Kxg4 Ke3  0-1

[Event "IV Festival Internacional DUCHAMP in RIO Master - 7 a 14 dezembro - 15.000 USD"]
[Site "Hotel South American, Copacabana , Rio de Janeiro, RJ"]
[Date "2022.12.07"]
[Round "1"]
[Board "15"]
[White "Guimaraes, Diogo Duarte"]
[Black "Carneiro, Luis Guilherme Rosado"]
[Result "1-0"]
[WhiteElo "2290"]
[BlackElo "1815"]
[PlyCount "43"]
[EventDate "2022.12.07"]
[EventRounds "9"]
[EventCountry "BRA"]

1. e4 c5 2. Nf3 g6 3. d4 cxd4 4. Nxd4 Nc6 5. c4 Bg7 6. Be3 d6 7. Nc3 Nf6 8. Be2 Bd7
9. O-O Nxd4 10. Bxd4 Bc6 11. Qd3 O-O 12. f4 Nd7 13. Bxg7 Kxg7 14. Kh1 Nc5 15. Qd4+
Kg8 16. b4 e5 17. fxe5 Ne6 18. Qxd6 Qxd6 19. exd6 Nd4 20. Bd3 Rfe8 21. b5 Bd7 22.
Nd5  1-0

[Event "IV Festival Internacional DUCHAMP in RIO Master - 7 a 14 dezembro - 15.000 USD"]
[Site "Hotel South American, Copacabana , Rio de Janeiro, RJ"]
[Date "2022.12.07"]
[Round "1"]
[Board "16"]
[White "Brito, Vicente De Paulo Alencar"]
[Black "Terao, Juliana Sayumi"]
[Result "0-1"]
[WhiteElo "1794"]
[BlackElo "2240"]
[PlyCount "60"]
[EventDate "2022.12.07"]
[EventRounds "9"]
[EventCountry "BRA"]

1. e4 c5 2. d4 cxd4 3. c3 dxc3 4. Nxc3 e6 5. Nf3 a6 6. Bc4 b5 7. Bb3 Bb7 8. Qe2 d6
9. O-O Nc6 10. Rd1 Nge7 11. Bg5 Qb8 12. Bf4 Ng6 13. Bg3 Be7 14. h4 O-O 15. h5 Nge5
16. Nd4 Qa7 17. Nc2 Na5 18. Bf4 Rac8 19. Be3 Qa8 20. f3 Rfe8 21. g4 Nec4 22. Bc1
Bf6 23. g5 Be5 24. g6 hxg6 25. hxg6 fxg6 26. Qg2 Rf8 27. Qxg6 Rf6 28. Qg4 Kf7 29.
Qh5+ Rg6+ 30. Kh1 Rh8  0-1

[Event "IV Festival Internacional DUCHAMP in RIO Master - 7 a 14 dezembro - 15.000 USD"]
[Site "Hotel South American, Copacabana , Rio de Janeiro, RJ"]
[Date "2022.12.07"]
[Round "1"]
[Board "17"]
[White "Labussiere, Yago"]
[Black "Menezes, Grasielle Da Silv"]
[Result "1-0"]
[WhiteElo "2229"]
[BlackElo "1793"]
[PlyCount "51"]
[EventDate "2022.12.07"]
[EventRounds "9"]
[EventCountry "BRA"]

1. c4 c5 2. Nf3 Nc6 3. Nc3 Nf6 4. d4 cxd4 5. Nxd4 g6 6. e4 Bg7 7. Be3 O-O 8. Be2
Rb8 9. O-O b6 10. f4 Bb7 11. Bf3 Rc8 12. b3 d6 13. Rc1 Qd7 14. h3 Rfd8 15. Qd2 Nxd4
16. Bxd4 e5 17. Be3 exf4 18. Bxf4 Ba8 19. Bg5 h5 20. Qf4 Qe6 21. Nd5 Nd7 22. Ne7+
Kh7 23. Nxc8 Rxc8 24. Qg3 Nc5 25. Rcd1 Re8 26. Qxd6  1-0

[Event "IV Festival Internacional DUCHAMP in RIO Master - 7 a 14 dezembro - 15.000 USD"]
[Site "Hotel South American, Copacabana , Rio de Janeiro, RJ"]
[Date "2022.12.07"]
[Round "1"]
[Board "18"]
[White "De Souza, Roberto Fabelino"]
[Black "Gauche, Charles"]
[Result "0-1"]
[WhiteElo "1760"]
[BlackElo "2221"]
[PlyCount "76"]
[EventDate "2022.12.07"]
[EventRounds "9"]
[EventCountry "BRA"]

1. e4 e5 2. Bc4 Nf6 3. Nc3 Bb4 4. Nge2 d6 5. O-O Be6 6. Bxe6 fxe6 7. d4 exd4 8. Nxd4
Qd7 9. Qe2 e5 10. Nf5 Bxc3 11. bxc3 O-O 12. c4 Nc6 13. f3 Kh8 14. c3 b6 15. Rd1 Na5
16. Ne3 Rf7 17. Nd5 Qa4 18. Ne3 Raf8 19. Rb1 Nh5 20. Rb4 Nf4 21. Qd2 Qc6 22. a3 Re8
23. Qa2 Ref8 24. Nf5 Ne6 25. Be3 Nc5 26. Qd2 Na6 27. Rbb1 Nxc4 28. Qc1 Nc5 29. Bf2
Ne6 30. Kh1 Nf4 31. Ra1 d5 32. exd5 Nxd5 33. Ng3 Nd6 34. Qg5 Nf4 35. Rg1 e4 36. fxe4
Nxe4 37. Nxe4 Qxe4 38. Qg4 Nd3  0-1

[Event "IV Festival Internacional DUCHAMP in RIO Master - 7 a 14 dezembro - 15.000 USD"]
[Site "Hotel South American, Copacabana , Rio de Janeiro, RJ"]
[Date "2022.12.07"]
[Round "1"]
[Board "20"]
[White "Bucci, Andrea Vidigal"]
[Black "Tomiello, Lucas Costamilan"]
[Result "0-1"]
[WhiteElo "1747"]
[BlackElo "2209"]
[PlyCount "62"]
[EventDate "2022.12.07"]
[EventRounds "9"]
[EventCountry "BRA"]

1. e4 c5 2. Nf3 d6 3. d4 cxd4 4. Nxd4 Nf6 5. Nc3 a6 6. Be2 e5 7. Nb3 Be7 8. Be3 Be6
9. O-O Nbd7 10. f3 O-O 11. Qe1 Qc7 12. Qf2 b5 13. Rfd1 Rfe8 14. Rac1 Rac8 15. a3
Nc5 16. Nxc5 dxc5 17. Nd5 Bxd5 18. exd5 c4 19. b4 Bd6 20. Rd2 Nh5 21. Bb6 Qe7 22.
c3 f5 23. Qf1 e4 24. fxe4 Bxh2+ 25. Kxh2 Qh4+ 26. Kg1 Ng3 27. Qd1 Qh1+ 28. Kf2 Nxe4+
29. Kf3 Qh5+ 30. Kf4 Qg5+ 31. Kf3 Qg3#  0-1

[Event "IV Festival Internacional DUCHAMP in RIO Master - 7 a 14 dezembro - 15.000 USD"]
[Site "Hotel South American, Copacabana , Rio de Janeiro, RJ"]
[Date "2022.12.07"]
[Round "1"]
[Board "21"]
[White "Silva, Kaua Marques"]
[Black "Lopes, Eduardo Moraes"]
[Result "1-0"]
[WhiteElo "2199"]
[BlackElo "1744"]
[PlyCount "53"]
[EventDate "2022.12.07"]
[EventRounds "9"]
[EventCountry "BRA"]

1. e4 e6 2. d4 d5 3. Nd2 Nc6 4. Ngf3 Nf6 5. e5 Nd7 6. Bd3 f6 7. Ng5 Ndxe5 8. dxe5
fxg5 9. Qh5+ g6 10. Bxg6+ Kd7 11. c4 Nxe5 12. Bc2 c6 13. O-O Bd6 14. b4 Kc7 15. Bb2
Nxc4 16. Nxc4 dxc4 17. Bxh8 Qxh8 18. Rad1 Bd7 19. Qxg5 Qc3 20. Be4 Qe5 21. Qh4 Rg8
22. g3 h5 23. Bf3 Bxb4 24. Qxc4 Qc3 25. Qe4 h4 26. Rd3 Qc5 27. Rxd7+  1-0

[Event "IV Festival Internacional DUCHAMP in RIO Master - 7 a 14 dezembro - 15.000 USD"]
[Site "Hotel South American, Copacabana , Rio de Janeiro, RJ"]
[Date "2022.12.07"]
[Round "1"]
[Board "22"]
[White "Mesquita, Arnaldo Leite"]
[Black "Viana, Dirceu"]
[Result "0-1"]
[WhiteElo "1732"]
[BlackElo "2199"]
[PlyCount "90"]
[EventDate "2022.12.07"]
[EventRounds "9"]
[EventCountry "BRA"]

1. Nf3 d6 2. g3 e5 3. d3 g6 4. Bg5 f6 5. Bd2 Bg7 6. Bg2 Nh6 7. Qc1 Nf7 8. O-O O-O
9. c4 Nc6 10. Nc3 Bg4 11. h3 Be6 12. Kh2 Qd7 13. Rb1 Ne7 14. b4 c6 15. b5 c5 16.
a4 b6 17. a5 d5 18. Na4 Rab8 19. axb6 axb6 20. Nb2 d4 21. Ra1 h6 22. Ra6 f5 23. Qc2
Nd6 24. Rfa1 Nec8 25. Ng1 g5 26. Ra8 Rxa8 27. Rxa8 e4 28. Be1 exd3 29. exd3 f4 30.
Qe2 fxg3+ 31. fxg3 Nf5 32. Bc6 Qd6 33. Nd1 Be5 34. Qg2 Nce7 35. Rxf8+ Kxf8 36. Be4
Kg7 37. Nf3 Bf6 38. Nd2 Nh4 39. Qf2 Be5 40. Kg1 Nhf5 41. Nf1 Qb8 42. Kg2 Qa7 43.
Qe2 Ng6 44. Qf3 Bxg3 45. Bxf5 Nh4+  0-1

[Event "IV Festival Internacional DUCHAMP in RIO Master - 7 a 14 dezembro - 15.000 USD"]
[Site "Hotel South American, Copacabana , Rio de Janeiro, RJ"]
[Date "2022.12.07"]
[Round "1"]
[Board "24"]
[White "De Almeida, Roberto A. Ferreira"]
[Black "Aranha Filho, Alvaro Z."]
[Result "0-1"]
[WhiteElo "1713"]
[BlackElo "2196"]
[PlyCount "108"]
[EventDate "2022.12.07"]
[EventRounds "9"]
[EventCountry "BRA"]

1. Nf3 c5 2. g3 Nc6 3. e3 e5 4. d4 e4 5. d5 exf3 6. dxc6 bxc6 7. e4 Nf6 8. Qxf3 d5
9. exd5 cxd5 10. Bb5+ Bd7 11. Bxd7+ Qxd7 12. O-O Be7 13. c4 O-O 14. cxd5 Qxd5 15.
Qxd5 Nxd5 16. Nd2 Rab8 17. Nc4 Bf6 18. Rd1 Bd4 19. Na5 Rfc8 20. Nb3 Rb4 21. Rd3 Rc4
22. Rb1 Nb4 23. Rd1 Nxa2 24. Nxd4 cxd4 25. Bf4 Rb4 26. Bd6 Rb7 27. Rxd4 Re8 28. Ra4
Nc3 29. Raa1 Nxb1 30. Rxb1 a5 31. Ba3 f6 32. Rc1 Re6 33. Rc8+ Kf7 34. Kg2 Rd7 35.
Rc2 g5 36. h3 h5 37. g4 hxg4 38. hxg4 Re4 39. Kg3 Rd3+ 40. f3 Ree3 41. Rf2 Rb3 42.
Bc5 Red3 43. Ba3 Kg6 44. Kg2 a4 45. Kg3 f5 46. gxf5+ Kxf5 47. Kg2 Kf4 48. Bf8 Rxf3
49. Rxf3+ Rxf3 50. Bg7 Kg4 51. Be5 Re3 52. Bd4 Rd3 53. Be5 Rd2+ 54. Kf1 Kf3  0-1

[Event "IV Festival Internacional DUCHAMP in RIO Master - 7 a 14 dezembro - 15.000 USD"]
[Site "Hotel South American, Copacabana , Rio de Janeiro, RJ"]
[Date "2022.12.07"]
[Round "1"]
[Board "25"]
[White "Fernandez, Maria Florencia"]
[Black "Hubner, Jessica Trindade"]
[Result "1-0"]
[WhiteElo "2196"]
[BlackElo "1706"]
[PlyCount "107"]
[EventDate "2022.12.07"]
[EventRounds "9"]
[EventCountry "BRA"]

1. d4 Nf6 2. c4 g6 3. Nc3 Bg7 4. e4 d6 5. Be2 b6 6. Be3 Bb7 7. f3 Nbd7 8. Qd2 c5
9. d5 h5 10. Nh3 a6 11. Nf2 Qc7 12. O-O-O O-O-O 13. Kb1 Kb8 14. Rc1 Rhe8 15. Nh3
Nh7 16. Rhd1 Ndf8 17. Ng5 Nxg5 18. Bxg5 Nh7 19. Bh6 Bh8 20. Qc2 Bc8 21. Bd2 Bd7 22.
a3 Kb7 23. Na2 Bg7 24. Ka1 Ka7 25. Bc3 Bh6 26. Rb1 Rb8 27. b4 Rec8 28. Rb2 Nf6 29.
Rdb1 h4 30. Bd3 Bf4 31. Qf2 Bxh2 32. Qxh4 Rh8 33. Qf2 Be5 34. Bxe5 dxe5 35. Nc3 Rhc8
36. Na2 Nh5 37. Nc1 f6 38. Bf1 cxb4 39. axb4 Ra8 40. c5 Rcb8 41. Ra2 Kb7 42. c6+
Bxc6 43. Rc2 Qd8 44. Rxc6 a5 45. bxa5 Rxa5+ 46. Na2 Ka7 47. Qc2 Rb7 48. Rb5 Ra6 49.
Rb4 Ra5 50. Ra4 Kb8 51. Rxa5 bxa5 52. Ba6 Rc7 53. Qb2+ Ka8 54. Qb6  1-0

[Event "IV Festival Internacional DUCHAMP in RIO Master - 7 a 14 dezembro - 15.000 USD"]
[Site "Hotel South American, Copacabana , Rio de Janeiro, RJ"]
[Date "2022.12.07"]
[Round "1"]
[Board "26"]
[White "Da Silva, Joao Carlos Orguim"]
[Black "Librelato, Kathie Goulart"]
[Result "0-1"]
[WhiteElo "1693"]
[BlackElo "2194"]
[PlyCount "118"]
[EventDate "2022.12.07"]
[EventRounds "9"]
[EventCountry "BRA"]

1. c4 e6 2. Nc3 d5 3. e3 Nf6 4. d4 c6 5. Nf3 Nbd7 6. Bd3 dxc4 7. Bxc4 b5 8. Bd3 Bd6
9. O-O O-O 10. Ne4 Nxe4 11. Bxe4 Bb7 12. Ne1 Bxh2+ 13. Kh1 Qh4 14. Nf3 Qxe4 15. Nxh2
c5 16. f3 Qh4 17. Qb3 a6 18. Rd1 cxd4 19. exd4 Nb6 20. a4 Nxa4 21. Bd2 Rfd8 22. Be1
Qh5 23. Qb4 Nb6 24. Bg3 Nd5 25. Qd2 Ne7 26. Qf4 Rd7 27. Bf2 Rad8 28. g4 Qh3 29. Rg1
Ng6 30. Qg3 Qxg3 31. Rxg3 Nf4 32. g5 Ne2 33. Rg4 Nxd4 34. Kg2 e5 35. Re1 Nc6 36.
Rge4 Rd2 37. Kg3 f5 38. gxf6 gxf6 39. Ng4 Kg7 40. Be3 Rxb2 41. Nh6 f5 42. Nxf5+ Kf6
43. Nh6 Bc8 44. f4 Rd7 45. Ng4+ Ke6 46. Bc1 Rd3+ 47. Ne3 Rbb3 48. Rh1 Rd4 49. Rh6+
Kd7 50. Rxh7+ Kd8 51. Rh8+ Kc7 52. Kf3 Bg4+ 53. Kxg4 Rxe4 54. Nd5+ Kd6 55. Nf6 Re1
56. Bd2 Re2 57. fxe5+ Nxe5+ 58. Kf5 Rf2+ 59. Bf4 Rxf4+  0-1

[Event "IV Festival Internacional DUCHAMP in RIO Master - 7 a 14 dezembro - 15.000 USD"]
[Site "Hotel South American, Copacabana , Rio de Janeiro, RJ"]
[Date "2022.12.07"]
[Round "1"]
[Board "27"]
[White "Ribeiro, Matheus Mendes Domingues"]
[Black "Hirano, Enzo Erich Kreutz"]
[Result "1/2-1/2"]
[WhiteElo "2192"]
[BlackElo "1691"]
[PlyCount "123"]
[EventDate "2022.12.07"]
[EventRounds "9"]
[EventCountry "BRA"]

1. c4 Nf6 2. Nc3 e5 3. Nf3 Nc6 4. e4 g6 5. d4 exd4 6. Nxd4 Bg7 7. Be3 Ng4 8. Qxg4
Nxd4 9. Qd1 c5 10. Be2 d6 11. O-O O-O 12. Qd2 Re8 13. f3 Be6 14. Rad1 Qa5 15. Bd3
Rad8 16. Kh1 a6 17. Ne2 Qxa2 18. Bxd4 cxd4 19. Qb4 a5 20. Qb5 Bd7 21. Qxb7 Qa4 22.
Ra1 Rb8 23. Qa7 Qb3 24. Rfd1 Ba4 25. Qxa5 Qxd1+ 26. Rxd1 Bxd1 27. Nf4 Ra8 28. Qe1
Be5 29. Qxd1 Bxf4 30. g3 Be3 31. Kg2 Reb8 32. Qb1 Ra4 33. b3 Rab4 34. Bc2 Rxc4 35.
bxc4 Rxb1 36. Bxb1 g5 37. Kh3 h5 38. Kg2 Kg7 39. Kf1 Kf6 40. Bd3 h4 41. Kg2 hxg3
42. hxg3 Ke5 43. Kh3 f6 44. Kg4 Bc1 45. Kh3 Be3 46. Bc2 Bd2 47. Kg2 Be3 48. Bd3 Bd2
49. Kf2 Bc1 50. Kf1 Bd2 51. Bc2 Bc1 52. Ke2 Be3 53. Ba4 Bc1 54. Kd3 Be3 55. Bd1 Bf2
56. f4+ gxf4 57. gxf4+ Kxf4 58. Bc2 Ke5 59. Bb1 Be3 60. Ke2 Bg5 61. Kf3 Be3 62. Kg4
 1/2-1/2

[Event "IV Festival Internacional DUCHAMP in RIO Master - 7 a 14 dezembro - 15.000 USD"]
[Site "Hotel South American, Copacabana , Rio de Janeiro, RJ"]
[Date "2022.12.07"]
[Round "1"]
[Board "28"]
[White "Da Silva, Camila Evaristo"]
[Black "Rocha, Vitor Firmo De Souza"]
[Result "1-0"]
[WhiteElo "1684"]
[BlackElo "2192"]
[PlyCount "49"]
[EventDate "2022.12.07"]
[EventRounds "9"]
[EventCountry "BRA"]

1. d4 Nf6 2. Bf4 d5 3. e3 c5 4. c3 Nc6 5. Nd2 Bf5 6. Qb3 Qd7 7. Ngf3 c4 8. Qd1 Rc8
9. Ne5 Nxe5 10. dxe5 Ne4 11. Nxe4 Bxe4 12. f3 Bf5 13. g4 Bg6 14. h4 h5 15. e4 dxe4
16. Qxd7+ Kxd7 17. O-O-O+ Ke8 18. Bh3 e6 19. fxe4 Bxe4 20. Rhg1 Bc5 21. Bg5 Bxg1
22. Rxg1 hxg4 23. Bxg4 Kd7 24. Rd1+ Bd5 25. Rxd5+  1-0